000 00309nam a22001337a 4500
008 171017b xxu||||| |||| 00| 0 eng d
020 _a0135176999
041 _aeng
080 _29TH
_a33
100 _a52
101 _aEKO
245 _aLABOR ECONOMICS AND LABOR RELATIONS
_cREYNOLDS,LL.G
942 _2udc
_cBK
999 _c34314
_d34314